logo

Bir Sreshtho Munshi Abdur Rouf Library
Jhenaidah Cadet College

A dictionary of physics / (Record no. 5531)

MARC details
000 -LEADER
fixed length control field 00751cam a2200277 a 4500
001 - CONTROL NUMBER
JCCL Control Number 5531
003 - CONTROL NUMBER IDENTIFIER
JCCL marc code BD-JhCC
005 - DATE AND TIME OF LATEST TRANSACTION
control field 20180303132525.0
008 - FIXED-LENGTH DATA ELEMENTS--GENERAL INFORMATION
fixed length control field 000306s2000 enka d 000 0 eng d
020 ## - INTERNATIONAL STANDARD BOOK NUMBER
International Standard Book Number 0192801031
035 ## - SYSTEM CONTROL NUMBER
system control number (BD-JhC)5531
040 ## - CATALOGING SOURCE
Original cataloging agency BDS
Modifying agency BD-JhCC
041 ## - LANGUAGE CODE
Language code of Book eng
082 0# - DEWEY DECIMAL CLASSIFICATION NUMBER
Classification number 530.03
DDC Edition number 21
Author mark and Year DIC 2000
245 02 - TITLE STATEMENT
Title A dictionary of physics /
Statement of responsibility, etc edited by Alan Isaacs.
246 14 - VARYING FORM OF TITLE
Title proper/short title Oxford dictionary of physics.
250 ## - EDITION STATEMENT
Edition statement 4th ed.
260 ## - PUBLICATION, DISTRIBUTION, ETC. (IMPRINT)
Place of publication, distribution, etc Oxford :
Name of publisher, distributor, etc Oxford University Press,
Date of publication, distribution, etc 2000.
300 ## - PHYSICAL DESCRIPTION
Pagination 546 p. :
Other physical details ill. ;
Dimensions 20 cm.
500 ## - GENERAL NOTE
General note Previous ed.: 1996.
650 #0 - SUBJECT ADDED ENTRY--TOPICAL TERM
Topical term or geographic name as entry element Physics
Form subdivision Dictionaries.
700 1# - ADDED ENTRY--PERSONAL NAME
Personal name Isaacs, Alan,
Dates associated with a name 1925-
830 #0 - SERIES ADDED ENTRY--UNIFORM TITLE
Uniform title Oxford paperback reference.
942 ## - ADDED ENTRY ELEMENTS (KOHA)
Source of classification or shelving scheme Dewey Decimal Classification
Koha item type Books
Holdings
Source of classification or shelving scheme Damaged status Not for loan Home library Current library Shelving location Date of accession Total Checkouts Full call number Barcode Date last seen Date checked out Copy number Koha item type
Dewey Decimal Classification     JCC Rouf Library JCC Rouf Library General Stacks 05/09/2023 2 530.03 DIC 2000 7275 05/15/2024 05/14/2024 C - 1 Books

JCC Library | Contacts | JCC Home

Last Update on 23 September 2017
Copyright @ 2017-2020 JCC Rouf Library
Rouf Library, Jhenidah Cadet College (JCC), Bangladesh